Entry Topical Term
Number of records used in: 1
001 - CONTROL NUMBER
003 - CONTROL NUMBER IDENTIFIER
005 - DATE AND TIME OF LATEST TRANSACTION
- control field:
20230817140912.0
008 - FIXED-LENGTH DATA ELEMENTS
- fixed length control field:
230817|| aca||aabn | a|a d
040 ## - CATALOGING SOURCE
- Original cataloging agency:
JRU
- Transcribing agency:
JRU
150 ## - HEADING--TOPICAL TERM
- Topical term or geographic name as entry element:
BPT
670 ## - SOURCE DATA FOUND
- Source citation:
Work cat.: (JRU)8373: GIANGARRA, CHARLES AND MANSKE, ROBERT. C 7952, CLINICAL ORTHOPAEDIC REHABILITATION: a team appoach, 2018